Welcome to WEB OPAC of MRSPTU Central Library

Advanced Quantum Mechanics (Record no. 6781)

MARC details
000 -LEADER
fixed length control field 00409nam a2200169Ia 4500
008 - FIXED-LENGTH DATA ELEMENTS--GENERAL INFORMATION
fixed length control field 230711s9999||||xx |||||||||||||| ||und||
020 ## - INTERNATIONAL STANDARD BOOK NUMBER
International Standard Book Number 81-9070-116-9
041 ## - LANGUAGE CODE
Language code of text/sound track or separate title ENG
082 ## - DEWEY DECIMAL CLASSIFICATION NUMBER
Classification number 530.12
Item number PR-A
100 ## - MAIN ENTRY--PERSONAL NAME
Personal name Prakash,Satya
245 #0 - TITLE STATEMENT
Title Advanced Quantum Mechanics
250 ## - EDITION STATEMENT
Edition statement 5th Ed.
260 ## - PUBLICATION, DISTRIBUTION, ETC.
Date of publication, distribution, etc. 2018
Place of publication, distribution, etc. Meerut
Name of publisher, distributor, etc. Kedar Nath Ram Nath Publication
300 ## - PHYSICAL DESCRIPTION
Extent 613p.
650 ## - SUBJECT ADDED ENTRY--TOPICAL TERM
Topical term or geographic name entry element Physics
942 ## - ADDED ENTRY ELEMENTS (KOHA)
Koha item type Book
Holdings
Withdrawn status Lost status Damaged status Not for loan Collection Home library Current library Date acquired Source of acquisition Cost, normal purchase price Inventory number Total checkouts Full call number Barcode Date last seen Price effective from Koha item type Date last checked out Date due
          MRSPTU Central Library MRSPTU Central Library 11/02/2043 Krishna Book Distributors 400.00 KBD/2017-2018/1020143059   530.12 PR-A 40402 08/17/2023 08/17/2023 Book    
          MRSPTU Central Library MRSPTU Central Library 11/02/2043 Krishna Book Distributors 400.00 KBD/2017-2018/1020143059 5 530.12 PR-A 40403 01/09/2025 08/17/2023 Book 12/17/2024  
          MRSPTU Central Library MRSPTU Central Library 11/02/2043 Krishna Book Distributors 400.00 KBD/2017-2018/1020143059 12 530.12 PR-A 40404 04/23/2026 08/17/2023 Book 04/23/2026 05/14/2026
          MRSPTU Central Library MRSPTU Central Library 11/02/2043 Krishna Book Distributors 400.00 KBD/2017-2018/1020143059 5 530.12 PR-A 40405 01/11/2024 08/17/2023 Book 12/05/2023  
          MRSPTU Central Library MRSPTU Central Library 11/02/2043 Krishna Book Distributors 400.00 KBD/2017-2018/1020143059 3 530.12 PR-A 40406 04/06/2026 08/17/2023 Book 04/06/2026 04/27/2026

Website Designed and Developed by MRSPTU Central Library Team

E-mail Id: librarian@mrsptu.ac.in